000 00812nam a2200253Ia 4500
003 OSt
005 20220925232534.0
006 a|||||r|||| 00| 0
007 ta
008 220923b |||||||| |||| 00| 0 eng d
037 _cGeneral Book
040 _aRTL
_cRTL
_beng
041 _2eng
_aeng
082 _aX9(J):6.2.N9, P0
100 _aPuhazhendhi V
_9297418
245 0 _aMicrofinance for rural people
_b An impact evaluati
260 _aMumbai
_bNational Bank for Agriculture and Rural Development India
_c2000
300 _a75p.
_ccm.
490 _aNational Bank for Agriculture and Rural Development
650 _aAgriculture Industry
700 _a Satyasai K J S
_9297419
942 _hX9(J):6.2.N9, P0
_cGB
_2CC
999 _c591554
_d591554